Normal view
MARC view
- Dalvi, Col Vinay B
Entry Personal Name
001 - CONTROL NUMBER
- control field: 106607
003 - CONTROL NUMBER IDENTIFIER
- control field: NUST
005 - DATE AND TIME OF LATEST TRANSACTION
- control field: 20230102125038.0
008 - FIXED-LENGTH DATA ELEMENTS
- fixed length control field: 230102|| aca||aabn | a|a d
040 ## - CATALOGING SOURCE
- Original cataloging agency: NUST
- Transcribing agency: NUST
100 ## - HEADING--PERSONAL NAME
- Personal name: Dalvi, Col Vinay B
670 ## - SOURCE DATA FOUND
- Source citation: Work cat.: (NUST): Dalvi, Col Vinay B , Quality Military Leadership a key to 'Victory India', 2006
